00515nam a2200145Ia 4500008004100000082001700041100002500058245004000083260005100123300001000174600001500184942000700199952014600206999001700352250610s9999 xx 000 0 und d a891.4393 SIR aSiraj, Naseema Binte 0aHijab E Awwal (حجابِ اوّل) aKarachi:bKhawaja Printers & Publishers,c2005 a336p. aLiterature cGB 00104070aUITUbUITUcGIFd2025-06-10eGifted by Anonymousl0o891.4393 SIRpG246r2025-06-10 11:20:38w2025-06-10yGBzGifted by Anonymous c31413d31413